000 00343 a2200121 4500
000 nam a22 7a 4500
005 20260515143917.0
020 _a9781032866888
100 _a Stanley O. Gaines, Jr.
_91240151
245 _aA Critical Approach to Conceptual and Historical Issues in Psychology
260 _bRoutledge
_c2025
942 _cTEXL
999 _c1851933
_d1851933